Salamanca, conquistador de riqueza, gran señor

Salvato in:
Dettagli Bibliografici
Autore principale: Conde de Romanones (Autore)
Natura: Libro
Lingua:spagnolo
Pubblicazione: Madrid, España Espasa-Calpe 1940
Serie:Vida Españolas e Hispanoamericanas del Siglo XIX, 14
Soggetti:
Tags: Aggiungi Tag
Nessun Tag, puoi essere il primo ad aggiungerne!!

MARC

LEADER 00000nam a2200000 a 4500
001 UCI4569
003 CL-VaPUC
005 20210521001551.0
008 080125e19400000SP |||||||||||||||||spa|d
999 |c 328473  |d 328471 
040 |c Pontificia Universidad Católica de Valparaíso 
082 0 4 |a 946 CON 1940  |2 21 
100 0 |a Conde de Romanones  |e author  |9 526532 
245 1 0 |a Salamanca, conquistador de riqueza, gran señor 
260 |a Madrid, España  |b Espasa-Calpe  |c 1940 
300 |a 246 páginas 
490 0 |a Vida Españolas e Hispanoamericanas del Siglo XIX,  |v  14 
500 |a Donación Padres Capuchinos 
583 |a last modification  |c 20080125 00:00:00  |k Rodrigo Vera 
600 0 7 |a SALAMANCA DE MAYOL, JOSE DE  |2 CL-VaPUC  |9 526533  |z ESPAÑA 
650 0 |a Historia de España  |9 315435 
852 |a BIBCUR 
942 |c BK  |2 ddc 
945 |d 20080125 00:00:00  |a rbrito 
952 |0 0  |1 0  |2 ddc  |4 0  |6 946_000000000000000_CON_1940  |7 0  |8 X  |9 412398  |a FDOBUD  |b FDOBUD  |d 2019-11-22  |i 4405137  |o 946 CON 1940  |p 4405137  |r 2019-11-22  |t 1  |w 2019-11-22  |y BK_X  |k BUD